000 00309pab a2200121 454500
008 180718b xxu||||| |||| 00| 0 eng d
100 _aDimonte Darryl
245 _aThe expanding city: equity with efficiency
362 _a5 Nov 93, p.8
650 _aCities and Towns
773 _aTimes of India
909 _a25750
999 _c25750
_d25750